Podporný modul pre vyučovanie grafického spracovania údajov : Diplomová práca

Salvato in:
Dettagli Bibliografici
Autore principale: Babušíková, Alena (Autore)
Altri autori: Važan, Pavel (xxx)
Natura: Manoscritto Libro
Lingua:slovacco
Pubblicazione: Trnava : STU v Bratislave MtF KAIA, 2002
Soggetti:
Tags: Aggiungi Tag
Nessun Tag, puoi essere il primo ad aggiungerne!!

MARC

LEADER 00000ntm a22000003a 4500
001 stu77832
005 20160719155031.6
008 021105s2002----xo------------------slo-d
040 |a STU  |b slo 
041 0 |a slo 
044 |a xo 
100 1 |a Babušíková, Alena  |4 aut 
245 1 |a Podporný modul pre vyučovanie grafického spracovania údajov :  |b Diplomová práca 
260 |a Trnava :  |b STU v Bratislave MtF KAIA,  |c 2002 
300 |a 60 s  |c abstr. 
650 7 |a podporné moduly  |2 stusub 
650 7 |a vizuálne zobrazenie objektov  |2 stusub 
650 7 |a Aplikovaná informatika  |2 stusub 
700 1 |a Važan, Pavel  |4 xxx